Ticket To Israel (Record no. 143807)

MARC details
000 -LEADER
campo de control de longitud fija 00662nam a2200205 4500
001 - NÚMERO DE CONTROL
campo de control 143807
003 - IDENTIFICADOR DE NÚMERO DE CONTROL
campo de control ES-MaACL
007 - CAMPO FIJO DE DESCRIPCIÓN FÍSICA--INFORMACIÓN GENERAL
campo de control de longitud fija t|
008 - DATOS DE LONGITUD FIJA--INFORMACIÓN GENERAL
campo de control de longitud fija 070214s1952 xxu r ||||1| eng d
100 1# - ENTRADA PRINCIPAL--NOMBRE DE PERSONA
Nombre de persona Shepard, Judy.
9 (RLIN) 106082
245 10 - MENCIÓN DEL TÍTULO
Título Ticket To Israel
Resto del título : an informative guide /
Mención de responsabilidad, etc. Judy Shepard, Alvin Rosenfeld.
260 ## - PUBLICACIÓN, DISTRIBUCIÓN, ETC.
Lugar de publicación, distribución, etc. New York :
Nombre del editor, distribuidor, etc. Rinehart,
Fecha de publicación, distribución, etc. 1952.
300 ## - DESCRIPCIÓN FÍSICA
Extensión IX, 305 p. :
Otras características físicas il. ;
Dimensiones 21 cm +
Material acompañante/anejo 1 map.
651 #4 - PUNTO DE ACCESO ADICIONAL DE MATERIA--NOMBRE GEOGRÁFICO
9 (RLIN) 8856
Nombre geográfico Israel
Subdivisión general Descripción
651 #4 - PUNTO DE ACCESO ADICIONAL DE MATERIA--NOMBRE GEOGRÁFICO
9 (RLIN) 8857
Nombre geográfico Israel
Subdivisión general Guías turísticas
700 1# - ENTRADA AGREGADA--NOMBRE PERSONAL
Nombre de persona Rosenfeld, Alvin.
9 (RLIN) 99742
852 ## - LOCALIZACIÓN
Ubicación ES-MaACL
Número de control de estantería L-6974
Sublocalización o colección R.107682
itemnumber 149003
Ubicación en estantería Depósito 2
942 ## - ELEMENTOS DE ENTRADA SECUNDARIOS (KOHA)
Fuente del sistema de clasificación o colocación Clasificación decimal universal
Tipo de ítem Koha Libro impreso
Holdings
Estatus retirado Estado de pérdida Fuente del sistema de clasificación o colocación Estado de daño No para préstamo Biblioteca de origen Biblioteca actual Ubicación en estantería Fecha de adquisición Total de préstamos Signatura topográfica completa Código de barras Visto por última vez Precio de reemplazo Tipo de ítem Koha
    Clasificación decimal universal     Biblioteca del Ateneo de Madrid Biblioteca del Ateneo de Madrid Depósito 2 17/01/2008   L-6974 1149621 23/02/2023 23/02/2023 Libro impreso